| 000 | 00504nam a22001817a 4500 | ||
|---|---|---|---|
| 003 | GBCCL | ||
| 005 | 20241126110333.0 | ||
| 008 | 161012b xxu||||| |||| 00| 0 eng d | ||
| 040 | _cGBC | ||
| 082 |
_a128 _bSUM |
||
| 100 | 1 |
_aSumner, Claude _9109 |
|
| 245 |
_aThe Philosophy of Man Vol III : _bRelated Readings/ _cClaude Sumner |
||
| 260 |
_aNew Delhi: _bTheological Publication in India, _cc1989 |
||
| 300 |
_a283p. _c24cm. |
||
| 504 | _aincludes indexes | ||
| 650 | 0 |
_aPhilosophy _9101 |
|
| 942 |
_2ddc _cBK _02 |
||
| 999 |
_c242 _d242 |
||